K niektorým najzáväžnejším zločinom v medzinárodnom práve verejnom
Najzávažnejšie zločiny v medzinárodnom práve verejnom - zločin proti ľudskosti, vojnový zločin a zločin genocídy. Historický vývoj formulácie pojmov v 20. a 21. storočí. Porovnanie vojnových zločinov a zločinov proti ľudskosti. Analýza vybraného rozsudku vydaného CTR-96-4-A.
Guardado en:
| Autor principal: | |
|---|---|
| Formato: | Capítulo de libro |
| Lenguaje: | eslovaco |
| Materias: | |
| Etiquetas: |
Sin Etiquetas, Sea el primero en etiquetar este registro!
|
MARC
| LEADER | 00000naa$a2200000$$$4500 | ||
|---|---|---|---|
| 001 | 0287105 | ||
| 005 | 20240502074419.6 | ||
| 041 | 0 | |a slo | |
| 044 | |a SK | ||
| 245 | 1 | 0 | |a K niektorým najzáväžnejším zločinom v medzinárodnom práve verejnom |c Zuzana Beňová |
| 520 | |a Najzávažnejšie zločiny v medzinárodnom práve verejnom - zločin proti ľudskosti, vojnový zločin a zločin genocídy. Historický vývoj formulácie pojmov v 20. a 21. storočí. Porovnanie vojnových zločinov a zločinov proti ľudskosti. Analýza vybraného rozsudku vydaného CTR-96-4-A. | ||
| 610 | 2 | 0 | |a právo verejné medzinárodné |
| 610 | 2 | 0 | |a normy právne |
| 610 | 2 | 0 | |a štúdie prípadové |
| 100 | 1 | |a Beňová, Zuzana, 1996- | |